00496nam a2200193 a 4500001001300000003000900013005001700022008004100039020002300080082001700103100001600120245003200136260003900168300001000207500003500217505001000252650002400262700001600286nice12345678IN_TiNIC20260116013333.0050524s1992 newa grp 000 0 eng  a8185786 c20000a297.122bMOH aMohsin, S M aKeynote of the Holy Qur`an. aNew DelhibSeemant Prakashanc1992 a155p. aincludes index and biblioraphy2 aIndex aQuran and Sociology1 aMohsin, S M